MTG Legendary Dragons - Statistics

General Stats
  • This quiz has been taken 2 times
  • The average score is 24 of 93
Answer Stats
Answer % Correct
Scion of the Ur-Dragon
100%
The Ur-Dragon
100%
Ureni
100%
Ao
50%
Arcades Sabboth
50%
Atarka
50%
Atsushi
50%
Bahamut
50%
Beledros Witherbloom
50%
Betor
50%
Bladewing
50%
Chiss-Goria
50%
Chromium
50%
Crosis
50%
Darigaaz
50%
Dragonhawk
50%
Drakuseth
50%
Dromoka
50%
Ebondeath
50%
Galazeth Prismari
50%
Herigast
50%
Junji
50%
Kairi
50%
Kolaghan
50%
Kyodai
50%
Lathliss
50%
Miirym
50%
Nicol-Bolas
50%
Niv-Mizzet
50%
Numot
50%
Ojutai
50%
O-Kagachi
50%
Old Gnawbone
50%
Prossh
50%
Rith
50%
Rorix Bladewing
50%
Ryusei
50%
Shadrix Silverquill
50%
Silumgar
50%
Tanazir Quandrix
50%
Tarox Bladewing
50%
Teval
50%
Tiamat
50%
Velomachus Lorehold
50%
Verix Bladewing
50%
Akul
0%
Amareth
0%
Dromar
0%
Fang
0%
Firkraag
0%
Gadrak
0%
Ganax
0%
Grendel
0%
Hraesvelgr
0%
Icingdeath
0%
Inferno
0%
Intet
0%
Iymrith
0%
Jugan
0%
Karrthus
0%
Keiga
0%
Khorvath Brightflame
0%
Klauth
0%
Kokusho
0%
Korlessa
0%
Korvold
0%
Kura
0%
Livaan
0%
Lozhan
0%
Malfegor
0%
Nadaar
0%
Neriv
0%
Oros
0%
Palladia-Mors
0%
Piru
0%
Ramos
0%
Ran and Shaw
0%
Renari
0%
Shiko
0%
Shinryu
0%
Skanos Dragonheart
0%
Skithiryx
0%
Teneb
0%
Themberchaud
0%
Thrakkus
0%
Treva
0%
Vaevictus Asmadi
0%
Vorosh
0%
Vrondiss
0%
Wasitora
0%
Yiazmat
0%
Yosei
0%
Ziatora
0%
No matching quizzes found
Score Distribution
Percent of People with Each Score
Percentile by Number Answered
Your Score History
You have not taken this quiz